[Event "Canadian op U2200"]
[Site "Sault Ste Marie"]
[Date "2017.07.14"]
[Round "7"]
[White "Ellis, James S"]
[Black "Wang, Jeff"]
[Result "1/2-1/2"]
[WhiteElo "1853"]
[BlackElo "1939"]
[PlyCount "38"]
[EventDate "2017.07.11"]
[EventType "swiss"]
[EventRounds "9"]
[EventCountry "CAN"]
[SourceTitle "EXT 2022"]
[Source "ChessBase"]
[SourceDate "2021.10.06"]
[SourceVersion "1"]
[SourceVersionDate "2021.10.06"]
[SourceQuality "1"]

1. d4 Nf6 2. c4 e6 3. Nf3 b6 4. a3 c5 5. Nc3 cxd4 6. Nxd4 Bb7 7. f3 Be7 8. e4 d6 9. Be3 a6 10. Qd2 Qc7 11. Be2 Nbd7 12. 0-0 Rc8 13. Rac1 0-0 14. Rfd1 Rfd8 15. Bf1 Qb8 16. Qf2 Re8 17. Kh1 Kh8 18. Nce2 Rg8 19. Qg3 g5 1/2-1/2

[Event "Canadian op U2200"]
[Site "Sault Ste Marie"]
[Date "2017.07.13"]
[Round "5"]
[White "Groot Lipman, Jeff"]
[Black "Wang, Jeff"]
[Result "1/2-1/2"]
[WhiteElo "1909"]
[BlackElo "1939"]
[PlyCount "34"]
[EventDate "2017.07.11"]
[EventType "swiss"]
[EventRounds "9"]
[EventCountry "CAN"]
[SourceTitle "EXT 2022"]
[Source "ChessBase"]
[SourceDate "2021.10.06"]
[SourceVersion "1"]
[SourceVersionDate "2021.10.06"]
[SourceQuality "1"]

1. f4 Nf6 2. Nf3 g6 3. e3 d5 4. d4 c5 5. c3 Bg7 6. Be2 b6 7. 0-0 0-0 8. Qe1 Ba6 9. Bxa6 Nxa6 10. Nbd2 Qc8 11. e4 dxe4 12. Nxe4 cxd4 13. Nxf6+ Bxf6 14. Nxd4 Bxd4+ 15. cxd4 Qd7 16. Be3 f5 17. Rd1 Qd5 1/2-1/2

[Event "CAN-ch U16"]
[Site "Sault Ste Marie"]
[Date "2017.07.09"]
[Round "6.16"]
[White "Wang, Jeff"]
[Black "Li, Eric M"]
[Result "1/2-1/2"]
[WhiteElo "1939"]
[BlackElo "1992"]
[PlyCount "69"]
[EventDate "2017.07.06"]
[EventType "swiss"]
[EventRounds "7"]
[EventCountry "CAN"]
[SourceTitle "EXT 2022"]
[Source "ChessBase"]
[SourceDate "2021.10.06"]
[SourceVersion "1"]
[SourceVersionDate "2021.10.06"]
[SourceQuality "1"]

1. e4 c5 2. Nf3 Nc6 3. d4 cxd4 4. Nxd4 Qb6 5. Nb3 Nf6 6. Nc3 e6 7. Qe2 Be7 8. Bd2 a6 9. 0-0-0 0-0 10. g4 d6 11. g5 Nd7 12. h4 Qd8 13. f4 b5 14. Qh2 b4 15. Ne2 f5 16. Ned4 Ndb8 17. exf5 exf5 18. Bc4+ d5 19. Nxc6 Nxc6 20. Be3 Kh8 21. Bxd5 Qc7 22. Nd4 Bd7 23. Qg2 Rac8 24. Bxc6 Bxc6 25. Nxc6 Qxc6 26. Qxc6 Rxc6 27. Rd7 Bc5 28. Bxc5 Rxc5 29. Rhd1 Kg8 30. R7d5 Rfc8 31. Rxc5 Rxc5 32. Rd4 a5 33. Kd2 Kf7 34. h5 Ke6 35. Kd3 1/2-1/2

[Event "CAN-ch U16"]
[Site "Sault Ste Marie"]
[Date "2017.07.08"]
[Round "5.16"]
[White "Wu, Chenxi"]
[Black "Wang, Jeff"]
[Result "1/2-1/2"]
[WhiteElo "1904"]
[BlackElo "1939"]
[PlyCount "40"]
[EventDate "2017.07.06"]
[EventType "swiss"]
[EventRounds "7"]
[EventCountry "CAN"]
[SourceTitle "EXT 2022"]
[Source "ChessBase"]
[SourceDate "2021.10.06"]
[SourceVersion "1"]
[SourceVersionDate "2021.10.06"]
[SourceQuality "1"]

1. e4 c5 2. Nf3 d6 3. d4 cxd4 4. Nxd4 Nf6 5. Nc3 g6 6. Be3 Bg7 7. f3 0-0 8. Qd2 Nc6 9. 0-0-0 d5 10. Qe1 e5 11. Nxc6 bxc6 12. exd5 Nxd5 13. Bc4 Be6 14. Ne4 Qc7 15. Bc5 Rfd8 16. h4 h6 17. h5 f5 18. Nf2 g5 19. g4 Qf7 20. Nd3 Qf6 1/2-1/2

[Event "CAN-ch U16"]
[Site "Sault Ste Marie"]
[Date "2017.07.06"]
[Round "1.21"]
[White "Rashid, Kaden"]
[Black "Wang, Jeff"]
[Result "0-1"]
[WhiteElo "987"]
[BlackElo "1939"]
[PlyCount "123"]
[EventDate "2017.07.06"]
[EventType "swiss"]
[EventRounds "7"]
[EventCountry "CAN"]
[SourceTitle "EXT 2022"]
[Source "ChessBase"]
[SourceDate "2021.10.06"]
[SourceVersion "1"]
[SourceVersionDate "2021.10.06"]
[SourceQuality "1"]

1. e4 c5 2. Nf3 d6 3. d4 cxd4 4. Nxd4 Nf6 5. Nc3 g6 6. Be3 Bg7 7. Qd2 Nc6 8. f3 0-0 9. 0-0-0 d5 10. exd5 Nxd5 11. Nxd5 Qxd5 12. Nxc6 Qxc6 13. Bh6 Bf5 14. Bxg7 Kxg7 15. Bd3 Rfd8 16. Qe2 Bxd3 17. Rxd3 Qf6 18. Rhd1 e6 19. Rxd8 Rxd8 20. Rxd8 Qxd8 21. Qe5+ Qf6 22. Qc7 Qg5+ 23. Kd1 Qd5+ 24. Kc1 Kf6 25. Qf4+ Qf5 26. Qd4+ Qe5 27. Qd8+ Kg7 28. c3 a6 29. Qd7 Qe3+ 30. Qd2 Qg1+ 31. Kc2 Qxh2 32. Qd4+ e5 33. Qd2 Qg1 34. Qg5 Qc5 35. b4 Qd5 36. Kb2 a5 37. f4 f6 38. Qg4 axb4 39. fxe5 Qd2+ 40. Kb1 Qd3+ 41. Kc1 Qxc3+ 42. Kd1 fxe5 43. Qd7+ Kh6 44. Qxb7 Qd4+ 45. Ke2 e4 46. Qc7 Qd3+ 47. Kf2 Qd2+ 48. Kf1 Qd3+ 49. Kg1 Qd4+ 50. Kf1 e3 51. Qh2+ Kg5 52. Qg3+ Kf5 53. Qh3+ Ke5 54. Qg3+ Qf4+ 55. Qxf4+ Kxf4 56. Ke2 h5 57. Kf1 h4 58. Ke2 g5 59. Kf1 g4 60. Ke2 h3 61. gxh3 gxh3 62. Kf1 0-1

[Event "CAN-ch U16"]
[Site "Sault Ste Marie"]
[Date "2017.07.06"]
[Round "2.16"]
[White "Wang, Jeff"]
[Black "Liu, Zhanhe"]
[Result "1/2-1/2"]
[WhiteElo "1939"]
[BlackElo "2188"]
[PlyCount "76"]
[EventDate "2017.07.06"]
[EventType "swiss"]
[EventRounds "7"]
[EventCountry "CAN"]
[SourceTitle "EXT 2022"]
[Source "ChessBase"]
[SourceDate "2021.10.06"]
[SourceVersion "1"]
[SourceVersionDate "2021.10.06"]
[SourceQuality "1"]

1. d4 f5 2. c4 Nf6 3. Nf3 g6 4. g3 Bg7 5. Bg2 d6 6. 0-0 0-0 7. b3 c6 8. Qc2 Na6 9. Rd1 Qe8 10. Ba3 Kh8 11. e3 Bd7 12. Nc3 Nc7 13. Re1 Qf7 14. Rad1 Rad8 15. Ne2 h6 16. h4 Ne4 17. Nc3 Nxc3 18. Qxc3 a6 19. Qa5 Na8 20. Re2 Bf6 21. e4 fxe4 22. Rxe4 Bf5 23. Rf4 Qe6 24. d5 Qc8 25. Nd4 Be5 26. Rxf5 gxf5 27. Ne6 Rde8 28. Nxf8 Rxf8 29. Bh3 cxd5 30. Qxd5 Nc7 31. Qd2 Qe6 32. Bb2 Bxb2 33. Qxb2+ Kh7 34. Qc3 Qg6 35. Bf1 Kg8 36. c5 d5 37. Qe5 Qc6 38. Qxe7 f4 1/2-1/2

[Event "Alberta op"]
[Site "Calgary"]
[Date "2016.10.10"]
[Round "5"]
[White "Wang, Jeff"]
[Black "Nguyen, Kim"]
[Result "0-1"]
[WhiteElo "1849"]
[BlackElo "2027"]
[PlyCount "80"]
[EventDate "2016.10.08"]
[EventType "swiss"]
[EventRounds "6"]
[EventCountry "CAN"]
[SourceTitle "EXT 2018"]
[Source "ChessBase"]
[SourceDate "2017.10.13"]
[SourceVersion "1"]
[SourceVersionDate "2017.10.13"]
[SourceQuality "1"]

1. e4 g6 2. d4 Bg7 3. Be3 d6 4. Nc3 Nd7 5. Qd2 a6 6. a4 b6 7. Nge2 Bb7 8. g3 Ngf6 9. Bg2 Ng4 10. 0-0 Nxe3 11. fxe3 0-0 12. Rf2 e6 13. Raf1 Qe7 14. Nf4 Rab8 15. Qd1 Nf6 16. g4 Nd7 17. h3 Qg5 18. Qd2 b5 19. axb5 axb5 20. b4 Nb6 21. Bf3 Nc4 22. Qd3 c6 23. Ng2 Qe7 24. h4 Ra8 25. Nb1 c5 26. c3 cxb4 27. cxb4 Ra4 28. Nd2 Ra3 29. Nb3 d5 30. exd5 Qxb4 31. Rb1 Bxd5 32. Bxd5 exd5 33. Nf4 Qd6 34. Qe2 Re8 35. Ng2 Qg3 36. Qf3 Qxf3 37. Rxf3 Rxb3 38. Rxb3 Nd2 39. e4 Nxf3+ 40. Rxf3 Bxd4+ 0-1

[Event "Calgary op"]
[Site "Calgary"]
[Date "2016.07.30"]
[Round "6"]
[White "Nechio, Douglas Egidio Gome"]
[Black "Wang, Jeff"]
[Result "1/2-1/2"]
[WhiteElo "1906"]
[BlackElo "1844"]
[PlyCount "67"]
[EventDate "2016.07.27"]
[EventType "swiss"]
[EventRounds "9"]
[EventCountry "CAN"]
[SourceTitle "CBM 173 Extra"]
[Source "ChessBase"]
[SourceDate "2016.08.29"]
[SourceVersion "1"]
[SourceVersionDate "2016.08.29"]
[SourceQuality "1"]

1. e4 c5 2. Nf3 g6 3. d4 cxd4 4. Nxd4 Bg7 5. c4 Nc6 6. Nc2 d6 7. Be2 Nf6 8. Nc3 0-0 9. Be3 a5 10. 0-0 Nd7 11. f3 Nc5 12. Rb1 f5 13. Qd2 Be6 14. Nd4 Nxd4 15. Bxd4 Qb6 16. Qe3 Bxd4 17. Qxd4 Nd7 18. Rfd1 Rac8 19. Nd5 Bxd5 20. exd5 Qxd4+ 21. Rxd4 f4 22. Re4 Ne5 23. b4 axb4 24. Rxb4 Rc7 25. a4 g5 26. Rb5 Rfc8 27. g3 fxg3 28. hxg3 Kf8 29. Rb4 Ra8 30. f4 gxf4 31. Rxf4+ Kg7 32. Kg2 Nd7 33. Rg4+ Kf8 34. Rf4+ 1/2-1/2

[Event "Calgary op"]
[Site "Calgary"]
[Date "2016.07.30"]
[Round "5"]
[White "Wang, Jeff"]
[Black "Sasata, Alexander"]
[Result "1/2-1/2"]
[WhiteElo "1844"]
[BlackElo "1829"]
[PlyCount "52"]
[EventDate "2016.07.27"]
[EventType "swiss"]
[EventRounds "9"]
[EventCountry "CAN"]
[SourceTitle "CBM 173 Extra"]
[Source "ChessBase"]
[SourceDate "2016.08.29"]
[SourceVersion "1"]
[SourceVersionDate "2016.08.29"]
[SourceQuality "1"]

1. e4 e5 2. Nf3 Nc6 3. Bb5 a6 4. Ba4 Nf6 5. d3 b5 6. Bb3 Bc5 7. c3 d6 8. d4 Bb6 9. h3 0-0 10. 0-0 h6 11. Re1 Bb7 12. d5 Ne7 13. Be3 Ng6 14. Bxb6 cxb6 15. Nbd2 Nf4 16. Nf1 Nd7 17. Ng3 Nc5 18. Bc2 Bc8 19. Nh2 Qg5 20. Nf3 Qg6 21. b4 Nb7 22. Nh4 Qg5 23. Nf3 Qg6 24. Nh4 Qg5 25. Nf3 Qg6 26. Nh4 Qg5 1/2-1/2

[Event "Calgary op"]
[Site "Calgary"]
[Date "2016.07.27"]
[Round "1"]
[White "Chiku Ratte, Olivier Kenta"]
[Black "Wang, Jeff"]
[Result "1-0"]
[WhiteElo "2386"]
[BlackElo "1844"]
[PlyCount "67"]
[EventDate "2016.07.27"]
[EventType "swiss"]
[EventRounds "9"]
[EventCountry "CAN"]
[SourceTitle "CBM 173 Extra"]
[Source "ChessBase"]
[SourceDate "2016.08.29"]
[SourceVersion "1"]
[SourceVersionDate "2016.08.29"]
[SourceQuality "1"]

1. d4 Nf6 2. c4 e6 3. Nc3 Bb4 4. e3 0-0 5. Bd3 d5 6. a3 Be7 7. Nf3 Re8 8. 0-0 Nbd7 9. Qe2 c6 10. e4 dxe4 11. Nxe4 Nxe4 12. Bxe4 Qc7 13. Bd2 Nf6 14. c5 h6 15. Rac1 Nd5 16. Ne5 Bf6 17. Qh5 Rd8 18. f4 Bxe5 19. fxe5 f5 20. exf6 Nxf6 21. Rxf6 gxf6 22. Bxh6 f5 23. Qg6+ Kh8 24. Bg5 Rf8 25. Bf6+ Rxf6 26. Qxf6+ Qg7 27. Qd8+ Qg8 28. Qd6 fxe4 29. Rc3 e5 30. Rg3 Bg4 31. Qxe5+ Kh7 32. Qxe4+ Kh8 33. Rxg4 Qc4 34. Qe5+ 1-0

[Event "CAN-ch U14"]
[Site "Windsor"]
[Date "2016.07.07"]
[Round "5.27"]
[White "Wang, Jeff"]
[Black "Leong, Ryan"]
[Result "1-0"]
[WhiteElo "1920"]
[BlackElo "1616"]
[PlyCount "43"]
[EventDate "2016.07.05"]
[EventType "swiss"]
[EventRounds "7"]
[EventCountry "CAN"]
[SourceTitle "EXT 2022"]
[Source "ChessBase"]
[SourceDate "2021.10.06"]
[SourceVersion "1"]
[SourceVersionDate "2021.10.06"]
[SourceQuality "1"]

1. e4 c5 2. Nf3 d6 3. d4 cxd4 4. Nxd4 Nf6 5. Nc3 a6 6. Bg5 Nbd7 7. Qe2 e6 8. f4 Be7 9. 0-0-0 Qc7 10. g4 b5 11. Bg2 Bb7 12. Rhe1 Rc8 13. Bxf6 Bxf6 14. Ndxb5 axb5 15. Nxb5 Qb6 16. Nxd6+ Kf8 17. e5 Bxg2 18. Nxc8 Qc6 19. exf6 Bf3 20. Qd3 Bxd1 21. Rxd1 Nxf6 22. Qa3+ 1-0

[Event "CAN-ch U14"]
[Site "Windsor"]
[Date "2016.07.06"]
[Round "3.28"]
[White "Wang, Jeff"]
[Black "Atanasov, David"]
[Result "1-0"]
[WhiteElo "1920"]
[BlackElo "1467"]
[PlyCount "71"]
[EventDate "2016.07.05"]
[EventType "swiss"]
[EventRounds "7"]
[EventCountry "CAN"]
[SourceTitle "EXT 2022"]
[Source "ChessBase"]
[SourceDate "2021.10.06"]
[SourceVersion "1"]
[SourceVersionDate "2021.10.06"]
[SourceQuality "1"]

1. e4 c5 2. Nf3 d6 3. d4 cxd4 4. Nxd4 Nf6 5. Nc3 a6 6. Bg5 e6 7. f4 Nbd7 8. Qf3 Be7 9. 0-0-0 0-0 10. g4 Qa5 11. Kb1 Re8 12. Bd3 Nc5 13. Nb3 Nxb3 14. cxb3 Rb8 15. Qh3 e5 16. Bxf6 Bxf6 17. Nd5 Qd8 18. Rhg1 g6 19. Nxf6+ Qxf6 20. f5 g5 21. Bc4 b5 22. Bd5 Bb7 23. Qe3 Rec8 24. h4 h6 25. Rh1 gxh4 26. Qf2 Kg7 27. Rxh4 Rc7 28. Rh5 Bxd5 29. Rxd5 Rbc8 30. Rd1 Rc6 31. Qe3 Rc2 32. Rdh1 d5 33. Rxh6 d4 34. g5 Qd6 35. f6+ Kg8 36. Rh8# 1-0

[Event "Calgary"]
[Site "Calgary"]
[Date "2015.10.31"]
[Round "4"]
[White "Langer, Mikhail"]
[Black "Wang, Jeff"]
[Result "1-0"]
[WhiteElo "2190"]
[BlackElo "1746"]
[PlyCount "117"]
[EventDate "2015.10.29"]
[EventType "tourn"]
[EventRounds "9"]
[EventCountry "CAN"]
[SourceTitle "CBM 169 Extra"]
[Source "ChessBase"]
[SourceDate "2015.12.18"]
[SourceVersion "1"]
[SourceVersionDate "2015.12.18"]
[SourceQuality "1"]

1. e4 c5 2. Nf3 d6 3. d4 cxd4 4. Nxd4 Nf6 5. Nc3 g6 6. Be3 Bg7 7. f3 0-0 8. Qd2 Nc6 9. Bc4 Bd7 10. 0-0-0 Rc8 11. Bb3 Ne5 12. Kb1 Nc4 13. Bxc4 Rxc4 14. g4 b5 15. b3 Rc5 16. Ne6 Bxe6 17. Bxc5 a5 18. Bd4 a4 19. Nxb5 axb3 20. axb3 Qa8 21. Kb2 Qc6 22. c4 Rb8 23. Qc3 d5 24. cxd5 Qxb5 25. dxe6 fxe6 26. g5 Qxg5 27. Rd2 Qb5 28. Ra1 Kf7 29. Ra5 Qb7 30. Rc5 Bh6 31. Rc2 Bf4 32. Ra5 Nd7 33. Ra7 Qb5 34. Ra5 Qb7 35. Qc4 Nf8 36. Ra7 Qb5 37. Qxb5 Rxb5 38. Bc5 Bxh2 39. Bxe7 Bb8 40. Rcc7 Bxc7 41. Rxc7 h5 42. Ba3+ Kg8 43. Rc8 h4 44. Bxf8 h3 45. Bd6+ Kg7 46. Rc7+ Kg8 47. Rc2 Rg5 48. Rh2 Rh5 49. Kc3 Kf7 50. Kd4 Ke8 51. e5 Kd7 52. Kc5 Kc8 53. Kc6 Kd8 54. b4 Rh4 55. b5 Rc4+ 56. Bc5 Rh4 57. b6 Kc8 58. b7+ Kb8 59. Bd6+ 1-0

[Event "Alberta op"]
[Site "Edmonton"]
[Date "2015.10.10"]
[Round "1"]
[White "Elliott, Darryn B"]
[Black "Wang, Jeff"]
[Result "0-1"]
[WhiteElo "1955"]
[BlackElo "1746"]
[PlyCount "50"]
[EventDate "2015.10.10"]
[EventType "swiss"]
[EventRounds "6"]
[EventCountry "CAN"]
[SourceTitle "EXT 2017"]
[Source "ChessBase"]
[SourceDate "2016.10.25"]
[SourceVersion "1"]
[SourceVersionDate "2016.10.25"]
[SourceQuality "1"]

1. e4 c5 2. Nf3 d6 3. c4 Nf6 4. Nc3 g6 5. h3 Bg7 6. d3 Nc6 7. Be3 0-0 8. Qd2 Re8 9. Bh6 Bh8 10. h4 e6 11. Be2 d5 12. e5 Ng4 13. Bg5 Qd7 14. h5 Ngxe5 15. hxg6 fxg6 16. 0-0-0 Nd4 17. Nxd4 cxd4 18. f4 dxc3 19. Qxc3 Nc6 20. Bf6 Bxf6 21. Qxf6 Qg7 22. Qg5 Nd4 23. Bg4 e5 24. b3 Bxg4 25. Qxg4 exf4 0-1

[Event "Calgary op 8th"]
[Site "Calgary"]
[Date "2015.08.03"]
[Round "9"]
[White "Richardson, Kai"]
[Black "Wang, Jeff"]
[Result "1-0"]
[WhiteElo "1775"]
[BlackElo "1666"]
[PlyCount "77"]
[EventDate "2015.07.29"]
[EventType "swiss"]
[EventRounds "9"]
[EventCountry "CAN"]
[SourceTitle "EXT 2017"]
[Source "ChessBase"]
[SourceDate "2016.10.25"]
[SourceVersion "1"]
[SourceVersionDate "2016.10.25"]
[SourceQuality "1"]

1. d4 Nf6 2. c4 e6 3. g3 Bb4+ 4. Bd2 Bxd2+ 5. Nxd2 0-0 6. Bg2 d5 7. Ngf3 Nbd7 8. Rc1 c6 9. 0-0 Re8 10. e3 e5 11. cxd5 Nxd5 12. e4 N5b6 13. a4 a5 14. dxe5 Nxe5 15. Nxe5 Rxe5 16. Nc4 Qxd1 17. Rfxd1 Re8 18. Nxb6 Ra6 19. Nxc8 Rxc8 20. b3 Rb6 21. Rd3 g6 22. Rc5 Ra8 23. f4 Rb4 24. Kf2 b5 25. axb5 cxb5 26. e5 Ra7 27. Bc6 a4 28. Rxb5 Rxb5 29. Bxb5 axb3 30. Rxb3 Ra2+ 31. Be2 Kf8 32. Rb8+ Kg7 33. Rb7 Ra8 34. e6 Kf8 35. Rxf7+ Kg8 36. Bc4 g5 37. e7 Kh8 38. Rf8+ Rxf8 39. exf8Q# 1-0

[Event "Calgary op 8th"]
[Site "Calgary"]
[Date "2015.08.02"]
[Round "7"]
[White "Wang, Jeff"]
[Black "Piasetski, Leon David"]
[Result "1/2-1/2"]
[WhiteElo "1666"]
[BlackElo "2289"]
[PlyCount "69"]
[EventDate "2015.07.29"]
[EventType "swiss"]
[EventRounds "9"]
[EventCountry "CAN"]
[SourceTitle "EXT 2017"]
[Source "ChessBase"]
[SourceDate "2016.10.25"]
[SourceVersion "1"]
[SourceVersionDate "2016.10.25"]
[SourceQuality "1"]

1. e4 c5 2. Nf3 Nc6 3. d4 cxd4 4. Nxd4 Qb6 5. Nb3 Nf6 6. Nc3 e6 7. Be3 Qc7 8. f3 Bb4 9. Qd2 a6 10. g4 h6 11. 0-0-0 Ne5 12. Be2 d5 13. exd5 Nxd5 14. Bd4 0-0 15. Kb1 Nxc3+ 16. Bxc3 Bxc3 17. Qxc3 Qxc3 18. bxc3 Ng6 19. c4 a5 20. Bd3 Nf4 21. Be4 Ra6 22. Ka1 f5 23. gxf5 exf5 24. Bd5+ Nxd5 25. cxd5 Rd8 26. Rd4 b5 27. Rhd1 a4 28. Nc5 Rad6 29. Kb2 Kf7 30. Kc3 Ke7 31. Kb4 Rb6 32. Ka5 Rbd6 33. h4 g5 34. hxg5 hxg5 35. Re1+ 1/2-1/2

[Event "Calgary op 8th"]
[Site "Calgary"]
[Date "2015.07.30"]
[Round "2"]
[White "Wang, Jeff"]
[Black "Kostadinov, George"]
[Result "0-1"]
[WhiteElo "1666"]
[BlackElo "2089"]
[PlyCount "98"]
[EventDate "2015.07.29"]
[EventType "swiss"]
[EventRounds "9"]
[EventCountry "CAN"]
[SourceTitle "EXT 2017"]
[Source "ChessBase"]
[SourceDate "2016.10.25"]
[SourceVersion "1"]
[SourceVersionDate "2016.10.25"]
[SourceQuality "1"]

1. e4 c5 2. Nf3 d6 3. d4 cxd4 4. Nxd4 Nf6 5. Nc3 a6 6. Bg5 Nbd7 7. f4 Qb6 8. Qd2 e6 9. 0-0-0 Be7 10. Bc4 h6 11. Bxf6 Bxf6 12. Kb1 0-0 13. f5 Nc5 14. Rhf1 Qc7 15. a3 Rb8 16. Rf3 b5 17. Ba2 b4 18. axb4 Rxb4 19. Nd5 exd5 20. Qxb4 dxe4 21. Rff1 a5 22. Qc3 Ba6 23. Rfe1 Qb6 24. Bc4 Na4 25. Qb3 Bxc4 26. Qxb6 Nxb6 27. Rxe4 Na4 28. Nb3 d5 29. Re3 Nxb2 30. Rde1 a4 31. Nd2 Bb5 32. Ra3 Rb8 33. Rf3 Nc4 34. Kc1 Nxd2 35. Kxd2 Bg5+ 36. Kc3 Rc8+ 37. Kd4 Rxc2 38. Rb1 Bf6+ 39. Ke3 Re2+ 40. Kf4 Be5+ 41. Kg4 Re4+ 42. Kh3 Be2 43. Ra3 Bg4+ 44. Kh4 Bxf5+ 45. g4 Rxg4+ 46. Kh3 Rg1+ 47. Kh4 g5+ 48. Kh5 Bg6+ 49. Kxh6 Bg7# 0-1

[Event "Calgary op 8th"]
[Site "Calgary"]
[Date "2015.07.29"]
[Round "1"]
[White "Kazmaier, Daniel"]
[Black "Wang, Jeff"]
[Result "1-0"]
[WhiteElo "2198"]
[BlackElo "1666"]
[PlyCount "98"]
[EventDate "2015.07.29"]
[EventType "swiss"]
[EventRounds "9"]
[EventCountry "CAN"]
[SourceTitle "EXT 2017"]
[Source "ChessBase"]
[SourceDate "2016.10.25"]
[SourceVersion "1"]
[SourceVersionDate "2016.10.25"]
[SourceQuality "1"]

1. e4 c5 2. Nf3 d6 3. c3 Nf6 4. Be2 Nc6 5. d4 cxd4 6. cxd4 e5 7. Nc3 Be7 8. d5 Nb8 9. Nd2 0-0 10. 0-0 Nbd7 11. Rb1 a6 12. b4 Ne8 13. Nc4 f5 14. exf5 Rxf5 15. Ne4 Nb6 16. Na5 Rf8 17. Bf3 Rb8 18. Ng3 Bg5 19. Bxg5 Qxg5 20. Ne4 Qg6 21. Rc1 Kh8 22. Re1 Bd7 23. Bh5 Qh6 24. Bxe8 Bxe8 25. Nc4 Nxc4 26. Rxc4 Bb5 27. Rc7 Rfc8 28. Qc1 Qxc1 29. Rexc1 Rd8 30. Ng5 Kg8 31. Nf7 Rf8 32. Nxd6 Rbd8 33. Nxb5 axb5 34. Rd1 Rd6 35. Rxb7 Ra8 36. Rd2 Rc8 37. f3 Rc4 38. Rxb5 e4 39. fxe4 Rxe4 40. Rb7 Rf6 41. g3 Ra6 42. a4 g5 43. a5 g4 44. b5 Rf6 45. Rf2 Rd6 46. a6 Re8 47. a7 Ra8 48. Rb8+ Rd8 49. Rxa8 Rxa8 1-0